| 000 | 00730cam a22002413a 4500 | ||
|---|---|---|---|
| 001 | 249 | ||
| 003 | PGUSA | ||
| 005 | 20140828082945.0 | ||
| 008 | 950401s1995||||xxu|||||s|||||000 | eng d | ||
| 040 |
_aPGUSA _beng |
||
| 042 | _adc | ||
| 050 | 4 | _aN | |
| 245 | 1 | 0 |
_aFrench Cave Paintings _h[electronic resource] |
| 260 |
_bProject Gutenberg, _c1995 |
||
| 506 | _aCopyrighted. Read the copyright notice inside this book for details. | ||
| 516 | _aElectronic text | ||
| 653 | _aArt, Prehistoric -- France -- Vallon-Pont-d'Arc | ||
| 653 | _aCave paintings -- France -- Vallon-Pont-d'Arc | ||
| 653 | _aChauvet Cave (France) | ||
| 830 | 0 |
_aProject Gutenberg _v249 |
|
| 856 | 4 | 0 | _uhttp://www.gutenberg.org/ebooks/249 |
| 942 | _cEB | ||
| 999 |
_c229602 _d229602 |
||